000 00564 a2200169 4500
005 20251217124824.0
008 251110b |||||||| |||| 00| 0 eng d
020 _a9780670093656
080 _a294.51
_bMAN/G
100 _aManu S Pillai.
245 _aGods, guns and missionaries
_b: The making of the modern Hindu identity
260 _bPenguin books
_aHaryana
_c2024
300 _a564p.
653 _aHinduism - Modern identity - Colonial influence - Missionaries
653 _aReligion and politics - Cultural transformation - Indian society
942 _cBK
999 _c114559
_d114558